|
|
|
|
| LEADER |
00000nam a22000007a 4500 |
| 005 |
20180104164011.0 |
| 007 |
cr|||| |||| |
| 008 |
180104s2014 sp |||||s|||| 00||0 spa d |
| 020 |
|
|
|a 978-84-91232-90-2
|
| 035 |
|
|
|a 20954
|
| 040 |
|
|
|a vLex
|
| 090 |
|
|
|c 7356
|d 7356
|
| 100 |
1 |
|
|a Salamero Teixid,̤ Laura
|
| 245 |
1 |
3 |
|a La autorizacin̤ judicial de entrada en el marco de la actividad administrativa
|h [Recurso electrn̤ico] /
|c Laura Salamero Teixid̤
|
| 256 |
|
|
|a Servicio en ln̕ea
|
| 260 |
|
|
|a Madrid:
|b Marcial Pons,
|c 2014
|
| 300 |
|
|
|a 1 recurso electrn̤ico
|
| 500 |
|
|
|a La monografa̕ que el lector tiene en sus manos aborda el estudio de la autorizacin̤ judicial de entrada con el objeto principal de exponer de forma sistemt̀ica, ordenada y completa el rǧimen jurd̕ico que disciplina esta institucin̤. Con ello se vienen a paliar las deficiencias de que adolece el marco legislativo que regula la autorizacin̤ judicial de entrada –parco, disperso y confuso en ocasiones–, y asimismo se cubre un vaco̕ de la literatura administrativa, puesto que la doctrina sl̤o se ha ocupado de forma fragmentaria de esta figura jurd̕ica. El trabajo, basado en la legislacin̤ y la doctrina, pero, en especial, en un exhaustivo anl̀isis de la jurisprudencia ms̀ relevante y reciente en la materia, se estructura a travš de tres ejes principales. De un lado, se estudian los m̀bitos de la actuacin̤ administrativa en los que la autorizacin̤ judicial de entrada es susceptible de tener encaje, y los criterios que ordenan su exigencia. De otro lado, se discurre sobre los bienes jurd̕icos que quedan protegidos por dicha autorizacin̤; a saber, el derecho a la inviolabilidad del domicilio y el derecho a la propiedad privada. Y, junto a lo anterior, se examinan cuestiones de n̕dole competencial, relativas a la determinacin̤ de la competencia objetiva, territorial y funcional; as ̕como de n̕dole procesal, tocantes al cauce por el que debe sustanciarse el despacho de la autorizacin̤ en sede contencioso-administrativa, y a los criterios que el r̤gano judicial debe tener en cuenta para conceder o denegar la autorizacin̤ de entrada. A modo conclusivo, la monografa̕ incluye una propuesta de lege ferenda para la completa regulacin̤ de la autorizacin̤ de entrada, con el fin de ofrecer respuestas a las principales cuestiones problemt̀icas que suscita la prc̀tica judicial, y dotar de mayor sistematicidad y coherencia a esta institucin̤ jurd̕ica.
|
| 506 |
1 |
|
|a Disponible solo en los productos indicados
|d vLex Global
|d vLex Global (Academic Edition, excluding Law Schools)
|d vLex Global (U.S. Academic Edition, Law Schools)
|d vLex Global (U.S. Academic Edition, excluding Law Schools)
|d vLex Global (Academic Edition, Law Schools)
|
| 650 |
0 |
4 |
|a Derecho Pb︢lico y Administrativo
|z Mx̌ico
|
| 740 |
0 |
|
|a vLex Libros (Servicio en ln̕ea)
|
| 856 |
4 |
0 |
|u http://vlex.com/source/autorizacion-judicial-de-entrada-en-el-marco-de-la-actividad-administrativa-20954
|z Mx̌ico
|
| 942 |
|
|
|c BOOK
|
| 999 |
0 |
|
|a Public and administrative law
|